书目信息 |
| 题名: |
中世纪的衰落
|
|
| 作者: | 约翰·赫伊津哈 | |
| 分册: | ||
| 出版信息: | 杭州 中国美术学院出版社 1997 |
|
| 页数: | 393 | |
| 开本: | 19cm | |
| 丛书名: | ||
| 单 册: | ||
| 中图分类: | J022 | |
| 科图分类: | ||
| 主题词: | 艺术理论--基本问题 | |
| 电子资源: | ||
| ISBN: | 7-81019-015-4 | |
| 000 | 00565nam0 2200181 450 | |
| 001 | 0729297901 | |
| 005 | 20071003080817.90 | |
| 010 | @a7-81019-015-4@d¥28.50 | |
| 100 | @a20071003d km y0chiy0120 ea | |
| 101 | 0 | @achi |
| 200 | 1 | @a中世纪的衰落@Azhong shi ji de shuai luo@f约翰.赫伊津哈@Fyue han.he yi jin ha |
| 210 | @a杭州@c中国美术学院出版社@d1997 | |
| 215 | @a393@d19cm | |
| 606 | 0 | @a艺术理论@x基本问题 |
| 690 | @aJ022@v4 | |
| 701 | 0 | @a约翰·赫伊津哈@Ayue han·he yi jin ha |
| 801 | 0 | @aCN@b大连网信软件有限公司图书馆·11@c20071003 |
| 905 | @a213230@dJ022@eM14 | |
| 中世纪的衰落/约翰.赫伊津哈.-杭州:中国美术学院出版社,1997 |
| 393;19cm |
| ISBN 7-81019-015-4:¥28.50 |
| ● |
| 相关链接 |
|
|
|
|
正题名:中世纪的衰落
索取号:J022/M14
 
预约/预借
| 序号 | 登录号 | 条形码 | 馆藏地/架位号 | 状态 | 备注 |
| 1 | 6401052 | 264010527 | 密集书库-美术系/ [索取号:J022/M14] | 在馆 | |
| 2 | 6401056 | 264010563 | 密集书库-美术系/ [索取号:J022/M14] | 在馆 |